|
|
|
|
| LEADER |
00922nab a2200229 i 4500 |
| 001 |
misc70964 |
| 005 |
20220920080814.0 |
| 008 |
220905s1913 hu o 0|| hun d |
| 040 |
|
|
|a SZTE Miscellanea Repozitórium
|b hun
|
| 041 |
|
|
|a hun
|
| 041 |
|
|
|a tur
|
| 041 |
|
|
|a mon
|
| 100 |
1 |
|
|a Németh Gyula
|
| 245 |
1 |
0 |
|a Adalékok a török-mongol nyelvek hangtörténetéhez
|h [elektronikus dokumentum] :
|b bölcsészdoktori értekezés /
|c Németh Gyula
|
| 260 |
|
|
|c 1913
|
| 300 |
|
|
|a 12
|c 23 cm
|
| 561 |
|
|
|a Németh Gyula hagyaték
|
| 591 |
|
|
|a XKEK 5610;NOA 4084 a
|
| 650 |
|
4 |
|a Bölcsészettudományok
|
| 650 |
|
4 |
|a Nyelvek és irodalom
|
| 695 |
|
|
|a Hangtörténet - török-mongol, Nyelvtörténet - török-mongol, Nyelvészet - összehasonlító - török-mongol, Török-mongol nyelv - hangtan, Nyelvtörténet - csuvas, Csuvas nyelv - hangtan
|
| 856 |
4 |
0 |
|u http://misc.bibl.u-szeged.hu/70964/1/4084a.pdf
|z Dokumentum-elérés
|